[Event "HUN-chT2 Maroczy 1819"]
[Site "Hungary"]
[Date "2019.03.10"]
[Round "9.3"]
[White "Horvath, David G"]
[Black "Pap, Andras"]
[Result "1-0"]
[WhiteElo "2376"]
[BlackElo "2119"]
[PlyCount "65"]
[EventDate "2018.09.23"]
[EventType "team-tourn"]
[EventRounds "11"]
[EventCountry "HUN"]
[SourceTitle "EXT 2020"]
[Source "ChessBase"]
[SourceDate "2019.10.17"]
[SourceVersion "1"]
[SourceVersionDate "2019.10.17"]
[SourceQuality "1"]
[WhiteTeam "Kobanya Aquarena II"]
[BlackTeam "Szeged Maroczy II"]
[WhiteTeamCountry "HUN"]
[BlackTeamCountry "HUN"]

1. d4 Nf6 2. c4 g6 3. Nc3 Bg7 4. e4 d6 5. Nge2 0-0 6. Ng3 e5 7. d5 a5 8. Be2 Na6 9. h4 h6 10. h5 g5 11. Be3 Nc5 12. f3 Nh7 13. Qd2 Bd7 14. Nf1 b6 15. g4 f6 16. b3 Rf7 17. Kf2 Bf8 18. Ng3 Be7 19. Rhb1 Kh8 20. Bd1 Qg8 21. a3 Rff8 22. b4 Nb7 23. Ba4 Bc8 24. Bc6 axb4 25. axb4 Rxa1 26. Rxa1 Nd8 27. Qd3 Nxc6 28. dxc6 Be6 29. Nd5 Bd8 30. Nf5 Bxf5 31. exf5 Qf7 32. Ra7 Re8 33. Bxb6 1-0

[Event "HUN-chT2 Maroczy 1819"]
[Site "Hungary"]
[Date "2018.03.31"]
[Round "10.3"]
[White "Pap, Andras"]
[Black "Terbe, Julianna"]
[Result "0-1"]
[WhiteElo "2119"]
[BlackElo "2260"]
[PlyCount "98"]
[EventDate "2018.09.23"]
[EventType "team-tourn"]
[EventRounds "11"]
[EventCountry "HUN"]
[SourceTitle "EXT 2021"]
[Source "ChessBase"]
[SourceDate "2020.10.23"]
[SourceVersion "1"]
[SourceVersionDate "2020.10.23"]
[SourceQuality "1"]
[WhiteTeam "Szeged Maroczy II"]
[BlackTeam "Szigetszentmiklos"]
[WhiteTeamCountry "HUN"]
[BlackTeamCountry "HUN"]

1. d4 d5 2. Nf3 Nf6 3. c4 c6 4. Nc3 dxc4 5. a4 Bf5 6. e3 e6 7. Bxc4 Bb4 8. 0-0 0-0 9. Qe2 Nbd7 10. e4 Bg6 11. Bd3 Bh5 12. e5 Nd5 13. Nxd5 cxd5 14. Qe3 Re8 15. Ng5 Bg6 16. Bxg6 fxg6 17. Bd2 Qa5 18. Bxb4 Qxb4 19. Ra3 h6 20. Nf3 Nb6 21. Qd3 g5 22. h4 gxh4 23. Nxh4 Nxa4 24. Qg6 Qxd4 25. Rg3 Qxe5 26. f4 Qd4+ 27. Kh1 Kh8 28. Qh5 Nc5 29. Ng6+ Kh7 30. Ne5 Re7 31. Qg6+ Kg8 32. Ng4 Nd7 33. Nxh6+ Kf8 34. Rg4 Qf6 35. f5 Qxg6 36. fxg6+ Nf6 37. Rh4 gxh6 38. Rxf6+ Kg7 39. Rhf4 Rd8 40. Rf7+ Rxf7 41. Rxf7+ Kxg6 42. Rxb7 d4 43. Rxa7 d3 44. Ra1 d2 45. Rd1 Kf5 46. Kg1 Ke4 47. Kf2 Kd3 48. b4 Kc2 49. Ke2 Rd5 0-1

[Event "Eger Agria op 41th"]
[Site "Eger"]
[Date "2017.07.21"]
[Round "7"]
[White "Pap, Andras"]
[Black "Ligart, Tamas"]
[Result "1/2-1/2"]
[WhiteElo "2080"]
[BlackElo "2238"]
[PlyCount "110"]
[EventDate "2017.07.17"]
[EventType "swiss"]
[EventRounds "9"]
[EventCountry "HUN"]
[SourceTitle "EXT 2020"]
[Source "ChessBase"]
[SourceDate "2019.10.17"]
[SourceVersion "1"]
[SourceVersionDate "2019.10.17"]
[SourceQuality "1"]

1. Nf3 d5 2. g3 Nf6 3. Bg2 c6 4. 0-0 Bg4 5. d3 Nbd7 6. Nbd2 e5 7. e4 dxe4 8. dxe4 Bc5 9. c3 a5 10. h3 Bxf3 11. Qxf3 0-0 12. Nc4 Qc7 13. Ne3 Rfe8 14. g4 g6 15. h4 a4 16. Bh3 Be7 17. g5 Nh5 18. Bg4 Nf4 19. Bxd7 Qxd7 20. Ng4 Qe6 21. Bxf4 exf4 22. Qxf4 h5 23. gxh6 Bxh4 24. e5 Qf5 25. Qxf5 gxf5 26. Nf6+ Bxf6 27. exf6 Kh7 28. Rfe1 Kxh6 29. Re7 Rxe7 30. fxe7 Re8 31. Re1 Kg6 32. Re5 b6 33. Kg2 Kf6 34. Re2 Rxe7 35. Rd2 Ke6 36. Kf3 Rd7 37. Re2+ Kf6 38. a3 Kg5 39. Kg3 Rd3+ 40. f3 c5 41. Rc2 f4+ 42. Kg2 Kf5 43. Re2 Re3 44. Rd2 Ke6 45. Kf2 Re5 46. Kg2 f5 47. Kf2 Rd5 48. Ke2 Rxd2+ 49. Kxd2 Kd5 50. Kd3 c4+ 51. Kd2 Ke5 52. Ke2 Kf6 53. Kf2 Kg5 54. Kg2 Kh4 55. Kh2 Kg5 1/2-1/2

[Event "Eger Agria op 41th"]
[Site "Eger"]
[Date "2017.07.19"]
[Round "4"]
[White "Szego, Krisztian"]
[Black "Pap, Andras"]
[Result "0-1"]
[WhiteElo "1764"]
[BlackElo "2080"]
[PlyCount "68"]
[EventDate "2017.07.17"]
[EventType "swiss"]
[EventRounds "9"]
[EventCountry "HUN"]
[SourceTitle "EXT 2020"]
[Source "ChessBase"]
[SourceDate "2019.10.17"]
[SourceVersion "1"]
[SourceVersionDate "2019.10.17"]
[SourceQuality "1"]

1. d4 Nf6 2. c4 g6 3. Nc3 Bg7 4. e4 d6 5. f3 0-0 6. Be3 e5 7. d5 Nh5 8. Bd3 f5 9. Nge2 f4 10. Bf2 Bf6 11. Qc2 Bh4 12. Bxh4 Qxh4+ 13. Kd2 a5 14. Nb5 Na6 15. a3 Bd7 16. Qc3 a4 17. Bc2 Qe7 18. Qa5 Nc5 19. Qb4 c6 20. Nbc3 Nf6 21. Rab1 Rfc8 22. Rhc1 cxd5 23. Nxd5 Nxd5 24. cxd5 b5 25. Bd1 Qh4 26. Bc2 Qf2 27. Rf1 Qxg2 28. h4 Qh3 29. h5 Qxh5 30. Rf2 Qh4 31. Rbf1 Qe7 32. Rh1 Na6 33. Qa5 Rc5 34. Kd1 b4 0-1

[Event "Eger Agria op 41th"]
[Site "Eger"]
[Date "2017.07.18"]
[Round "2"]
[White "Pap, Andras"]
[Black "Galko, Tibor"]
[Result "1-0"]
[WhiteElo "2080"]
[BlackElo "1875"]
[PlyCount "89"]
[EventDate "2017.07.17"]
[EventType "swiss"]
[EventRounds "9"]
[EventCountry "HUN"]
[SourceTitle "EXT 2020"]
[Source "ChessBase"]
[SourceDate "2019.10.17"]
[SourceVersion "1"]
[SourceVersionDate "2019.10.17"]
[SourceQuality "1"]

1. Nf3 d5 2. g3 Nf6 3. Bg2 Nbd7 4. d3 e5 5. 0-0 b6 6. e4 dxe4 7. dxe4 Bb7 8. Nbd2 c5 9. Re1 Qc7 10. c3 Be7 11. Qc2 0-0 12. Nh4 Rfe8 13. Nc4 b5 14. Ne3 Nf8 15. Nhf5 Ng6 16. h4 Rad8 17. a4 a6 18. Bf3 Bf8 19. axb5 axb5 20. c4 b4 21. b3 Ne7 22. Nd5 Nfxd5 23. exd5 Nxf5 24. Qxf5 Bc8 25. Qc2 f5 26. Bg5 Rd6 27. Ra8 h6 28. Bf4 Rdd8 29. Bd2 Bd6 30. Rea1 e4 31. Bg2 Bb7 32. Rxd8 Rxd8 33. g4 Be5 34. Re1 Bc8 35. gxf5 Bxf5 36. Bxe4 Bd4 37. Be3 Bxe4 38. Qxe4 Bc3 39. Rd1 Qf7 40. d6 Kh8 41. Rd5 Re8 42. Qf5 Qxf5 43. Rxf5 Bd4 44. Bxd4 cxd4 45. Rd5 1-0

[Event "Eger Agria op 41th"]
[Site "Eger"]
[Date "2017.07.17"]
[Round "1"]
[White "Engel, Tibor"]
[Black "Pap, Andras"]
[Result "0-1"]
[WhiteElo "1577"]
[BlackElo "2080"]
[PlyCount "94"]
[EventDate "2017.07.17"]
[EventType "swiss"]
[EventRounds "9"]
[EventCountry "HUN"]
[SourceTitle "EXT 2020"]
[Source "ChessBase"]
[SourceDate "2019.10.17"]
[SourceVersion "1"]
[SourceVersionDate "2019.10.17"]
[SourceQuality "1"]

1. e4 c5 2. Nf3 e6 3. d4 cxd4 4. Nxd4 a6 5. Bd3 Qc7 6. 0-0 Nf6 7. Nf3 d6 8. Bg5 Be7 9. Re1 Nbd7 10. h3 b5 11. Nbd2 0-0 12. Rc1 Bb7 13. c4 b4 14. Qc2 h6 15. Bh4 Rac8 16. Bg3 e5 17. Nh4 g6 18. f4 Nh5 19. Bf2 Nxf4 20. Nhf3 Nc5 21. Bxc5 Qxc5+ 22. Kh1 Qf2 23. Bf1 f5 24. b3 fxe4 25. Nxe4 Qxc2 26. Rxc2 Nxh3 27. Nxe5 Bxe4 28. Rxe4 Rxf1+ 29. Kh2 dxe5 30. Kxh3 Rd8 31. Rxe5 Rd3+ 32. g3 Bd6 33. Rd5 Rxg3+ 34. Kh2 Rd3+ 35. Kg2 Rxd5 36. Kxf1 Rc5 37. Rd2 Be5 38. Re2 g5 39. Kg2 h5 40. Kh3 Kg7 41. Rf2 g4+ 42. Kg2 h4 43. Rd2 h3+ 44. Kh1 g3 45. Rd5 Rxd5 46. cxd5 g2+ 47. Kg1 Bd4+ 0-1

[Event "HUN-chT2 Erkel 1516"]
[Site "Hungary"]
[Date "2015.12.06"]
[Round "6.2"]
[White "Pap, Andras"]
[Black "Kovacs, Zsolt"]
[Result "0-1"]
[WhiteElo "2099"]
[BlackElo "2137"]
[PlyCount "38"]
[EventDate "2015.09.13"]
[EventType "team-tourn"]
[EventRounds "11"]
[EventCountry "HUN"]
[SourceTitle "CBM 170 Extra"]
[Source "ChessBase"]
[SourceDate "2016.02.25"]
[SourceVersion "1"]
[SourceVersionDate "2016.02.25"]
[SourceQuality "1"]
[WhiteTeam "Andornaktalya"]
[BlackTeam "Salgotarjan"]
[WhiteTeamCountry "HUN"]
[BlackTeamCountry "HUN"]

1. Nf3 d5 2. g3 g6 3. Bg2 Bg7 4. 0-0 e5 5. d3 Ne7 6. e4 c6 7. c3 0-0 8. Re1 Qc7 9. Qe2 Nd7 10. Nbd2 b6 11. d4 exd4 12. Nxd4 Bb7 13. N2f3 Nc5 14. Bf4 Qd7 15. exd5 Nxd5 16. Be3 Rfe8 17. Qd2 Ne4 18. Qe2 Rad8 19. Ng5 Nxe3 0-1

[Event "HUN-chT2 Erkel 1516"]
[Site "Hungary"]
[Date "2015.09.13"]
[Round "1.2"]
[White "Nagyajtai, Gabor"]
[Black "Pap, Andras"]
[Result "0-1"]
[WhiteElo "2137"]
[BlackElo "2099"]
[PlyCount "80"]
[EventDate "2015.09.13"]
[EventType "team-tourn"]
[EventRounds "11"]
[EventCountry "HUN"]
[SourceTitle "CBM 170 Extra"]
[Source "ChessBase"]
[SourceDate "2016.02.25"]
[SourceVersion "1"]
[SourceVersionDate "2016.02.25"]
[SourceQuality "1"]
[WhiteTeam "GSBE"]
[BlackTeam "Andornaktalya"]
[WhiteTeamCountry "HUN"]
[BlackTeamCountry "HUN"]

1. d4 Nf6 2. c4 g6 3. Nc3 Bg7 4. Nf3 d6 5. Bg5 c6 6. e3 0-0 7. h3 Nbd7 8. Be2 e5 9. 0-0 Qa5 10. Qd2 h6 11. Bh4 Re8 12. Rfd1 Qb6 13. Qc2 exd4 14. Nxd4 Nc5 15. Bf3 Qb4 16. a3 Qb6 17. Bg3 Bf8 18. b4 Ne6 19. Na4 Qa6 20. Be2 Nxd4 21. Rxd4 Bf5 22. Qb3 Ne4 23. Ra2 Nxg3 24. fxg3 b5 25. cxb5 cxb5 26. Nc3 Rxe3 27. Qd5 Rxc3 28. Qxa8 Qb6 29. Rad2 Bd3 30. Qd5 Bxe2 31. Kh2 Bc4 32. Qa8 d5 33. Rf4 Rc1 34. Rdf2 d4 35. h4 d3 36. Qe8 Qe6 37. Qd8 Qe1 38. g4 Rc2 39. Rf1 d2 40. Rxf7 Bxf7 0-1

[Event "HUN-chT2 Erkel 1415"]
[Site "Hungary"]
[Date "2015.03.22"]
[Round "8.4"]
[White "Agardi, Norbert"]
[Black "Pap, Andras"]
[Result "1/2-1/2"]
[WhiteElo "2151"]
[BlackElo "2033"]
[PlyCount "90"]
[EventDate "2014.09.28"]
[EventType "team-tourn"]
[EventRounds "9"]
[EventCountry "HUN"]
[SourceTitle "EXT 2016"]
[Source "ChessBase"]
[SourceDate "2015.10.08"]
[SourceVersion "1"]
[SourceVersionDate "2015.10.08"]
[SourceQuality "1"]
[WhiteTeam "Vizugy"]
[BlackTeam "Andornaktalya"]
[WhiteTeamCountry "HUN"]
[BlackTeamCountry "HUN"]

1. d4 Nf6 2. Nf3 g6 3. Nc3 d5 4. Bf4 Bg7 5. e3 c6 6. Be2 0-0 7. Ne5 Nbd7 8. h4 Nxe5 9. Bxe5 Qa5 10. Qd2 h6 11. f3 Nd7 12. Bxg7 Kxg7 13. h5 g5 14. e4 dxe4 15. fxe4 e5 16. d5 Nf6 17. Rf1 Qb4 18. 0-0-0 Nxe4 19. Nxe4 Qxe4 20. dxc6 Qxc6 21. Bf3 Qc7 22. Qb4 Be6 23. Bd5 Rac8 24. Rf2 Bxd5 25. Rxd5 Rfd8 26. Qe4 Rxd5 27. Qxd5 Rd8 28. Qf3 Rd6 29. Qe3 Qa5 30. a3 Qd5 31. Kb1 Qd4 32. Qg3 f6 33. Ka2 Rb6 34. b3 Rc6 35. Qf3 Qd7 36. g4 Rd6 37. Qe4 Qf7 38. Qe3 Rd4 39. Rd2 Qd7 40. Rxd4 Qxd4 41. Qf3 Qd7 42. Qe4 Kf8 43. a4 Qf7 44. Qf5 a6 45. Qe4 Qd7 1/2-1/2

[Event "HUN-chT2 Erkel 1213"]
[Site "Hungary"]
[Date "2012.11.04"]
[Round "3.10"]
[White "Dombai, Istvan"]
[Black "Pap, Andras"]
[Result "1-0"]
[WhiteElo "2181"]
[BlackElo "1843"]
[PlyCount "95"]
[EventDate "2012.09.16"]
[EventType "team-tourn"]
[EventRounds "11"]
[EventCountry "HUN"]
[SourceTitle "EXT 2014"]
[Source "ChessBase"]
[SourceDate "2013.11.20"]
[SourceVersion "1"]
[SourceVersionDate "2013.11.20"]
[SourceQuality "1"]
[WhiteTeam "BEAC II"]
[BlackTeam "Andornaktalya"]
[WhiteTeamCountry "HUN"]
[BlackTeamCountry "HUN"]

1. d4 Nf6 2. Nf3 g6 3. c4 Bg7 4. Nc3 0-0 5. e4 d6 6. Be2 c5 7. d5 Bg4 8. h3 Bxf3 9. Bxf3 Nbd7 10. Bf4 a6 11. a4 b6 12. 0-0 Ne8 13. Qd2 Ne5 14. Be2 Nc7 15. Bh6 Rb8 16. Bxg7 Kxg7 17. f4 Nd7 18. Rae1 f6 19. Qd3 Qc8 20. Qg3 Qb7 21. h4 Rh8 22. h5 Rbd8 23. Qh3 Rhg8 24. Bg4 Nb8 25. hxg6 hxg6 26. e5 Rde8 27. exd6 exd6 28. Bd7 Ref8 29. Re7+ Rf7 30. Rxf7+ Kxf7 31. Be6+ Nxe6 32. Qxe6+ Kg7 33. Qxd6 Re8 34. Rd1 Qe7 35. Qxe7+ Rxe7 36. Kf2 Kf7 37. Kf3 Nd7 38. Ne4 f5 39. Ng5+ Kg7 40. b3 Nf6 41. a5 b5 42. d6 Ra7 43. Ne6+ Kf7 44. Nxc5 Ke8 45. d7+ Nxd7 46. Rxd7 Rxd7 47. Nxd7 Kxd7 48. cxb5 1-0

[Event "Eger Osz op"]
[Site "Eger"]
[Date "2009.10.24"]
[Round "5"]
[White "Csuri, Laszlo"]
[Black "Pap, Andras"]
[Result "1-0"]
[WhiteElo "2037"]
[BlackElo "1757"]
[PlyCount "39"]
[EventDate "2009.10.22"]
[EventType "swiss"]
[EventRounds "7"]
[EventCountry "HUN"]
[SourceTitle "EXT 2011"]
[Source "ChessBase"]
[SourceDate "2010.11.26"]
[SourceVersion "1"]
[SourceVersionDate "2010.11.26"]
[SourceQuality "1"]

1. d4 d6 2. e4 Nf6 3. Nc3 g6 4. f4 Bg7 5. Nf3 0-0 6. Bd3 Bg4 7. h3 Bxf3 8. Qxf3 c6 9. Be3 Nbd7 10. 0-0 e5 11. dxe5 dxe5 12. f5 Qc7 13. g4 h6 14. h4 Ne8 15. g5 h5 16. Bc4 Kh7 17. Bxf7 Rxf7 18. fxg6+ Kxg6 19. Qxf7+ Kh7 20. Qxh5+ 1-0

[Event "Eger Osz op"]
[Site "Eger"]
[Date "2009.10.23"]
[Round "2"]
[White "Nilsson, Jan"]
[Black "Pap, Andras"]
[Result "0-1"]
[WhiteElo "1557"]
[BlackElo "1757"]
[PlyCount "88"]
[EventDate "2009.10.22"]
[EventType "swiss"]
[EventRounds "7"]
[EventCountry "HUN"]
[SourceTitle "EXT 2011"]
[Source "ChessBase"]
[SourceDate "2010.11.26"]
[SourceVersion "1"]
[SourceVersionDate "2010.11.26"]
[SourceQuality "1"]

1. d4 d6 2. e3 Nf6 3. Nf3 g6 4. Nbd2 Bg7 5. a3 0-0 6. Bd3 Bg4 7. Be2 c6 8. h3 Bxf3 9. Bxf3 Nbd7 10. c3 e5 11. 0-0 Re8 12. Qb3 e4 13. Be2 Qc7 14. Qc2 d5 15. b4 a5 16. Bb2 b5 17. a4 Reb8 18. axb5 cxb5 19. Rxa5 Rxa5 20. bxa5 Qxa5 21. Ra1 Qb6 22. Qb3 Bf8 23. Rb1 Qc6 24. Rc1 Ne8 25. Ba3 Bxa3 26. Qxa3 Nd6 27. Qb4 Nb6 28. Nb3 Nbc4 29. Ra1 Nc8 30. Nc5 N8b6 31. g3 Ra8 32. Rxa8+ Nxa8 33. Kg2 Nab6 34. h4 Na4 35. Bxc4 dxc4 36. Kf1 Nxc5 37. Qxc5 Qxc5 38. dxc5 Kf8 39. Ke2 Ke7 40. f4 Kd7 41. Kd2 Kc6 42. Kc2 Kxc5 43. g4 b4 44. Kb2 b3 0-1

[Event "Eger Osz op"]
[Site "Eger"]
[Date "2009.10.22"]
[Round "1"]
[White "Pap, Andras"]
[Black "Eberth, Zoltan"]
[Result "0-1"]
[WhiteElo "1757"]
[BlackElo "2157"]
[PlyCount "100"]
[EventDate "2009.10.22"]
[EventType "swiss"]
[EventRounds "7"]
[EventCountry "HUN"]
[SourceTitle "EXT 2011"]
[Source "ChessBase"]
[SourceDate "2010.11.26"]
[SourceVersion "1"]
[SourceVersionDate "2010.11.26"]
[SourceQuality "1"]

1. d3 g6 2. Nf3 d5 3. g3 Bg7 4. Bg2 c5 5. 0-0 Nc6 6. Nbd2 e6 7. e4 Nge7 8. c3 b6 9. Qc2 a5 10. a4 Ba6 11. Re1 Ra7 12. b3 Nb4 13. cxb4 Bxa1 14. bxc5 Bg7 15. d4 0-0 16. e5 Nc6 17. Ba3 b5 18. Bf1 bxa4 19. bxa4 Bxf1 20. Rxf1 Qa8 21. Rb1 Rb8 22. Rb6 Ra6 23. Qb2 Bf8 24. Rxb8 Qxb8 25. Qb5 Qc8 26. Nb1 Ra8 27. Qd3 Rb8 28. Nfd2 f6 29. f4 fxe5 30. fxe5 Bh6 31. Nb3 Qb7 32. N1d2 Qf7 33. Kg2 Qf5 34. Qxf5 gxf5 35. h3 Bxd2 36. Nxd2 Nxd4 37. g4 fxg4 38. hxg4 Nc6 39. Nf3 Rb3 40. Bc1 Rc3 41. Bf4 Rc4 42. Kg3 Rxa4 43. Ng5 Nd4 44. Be3 Ra3 45. Kf4 Ne2+ 46. Kf3 d4 47. Kxe2 Rxe3+ 48. Kd2 Rxe5 49. c6 Rxg5 50. Kd3 Rc5 0-1